|
|
|
|
| LEADER |
00000nam0a2200000 4500 |
| 001 |
91580 |
| 005 |
20231031104139.0 |
| 020 |
|
|
|a RU
|b 84-66312
|
| 035 |
|
|
|a (RuTPU)RU\TPU\book\98169
|
| 090 |
|
|
|a 91580
|
| 100 |
|
|
|a 20060227d1984 m y0rusy5003 ca
|
| 101 |
0 |
|
|a rus
|
| 102 |
|
|
|a RU
|
| 105 |
|
|
|a af z 001zy
|
| 200 |
1 |
|
|a Туристские тропы Алтая
|f М. М. Маркин, М. Ю. Колчевников, В. Н. Еременко
|
| 210 |
|
|
|a Барнаул
|c Алтайское кн. изд-во
|d 1984
|
| 215 |
|
|
|a 158 с.
|c ил., 16 л. ил.
|
| 610 |
1 |
|
|a Алтайский край
|
| 610 |
1 |
|
|a Горный Алтай
|
| 610 |
1 |
|
|a путешествия
|
| 610 |
1 |
|
|a туризм
|
| 675 |
|
|
|a 91(С18)
|z rus
|
| 700 |
|
1 |
|a Маркин
|b М. М.
|g Михаил Михайлович
|4 070
|
| 701 |
|
1 |
|a Колчевников
|b М. Ю.
|g Михаил Юрьевич
|
| 701 |
|
1 |
|a Еременко
|b В. Н.
|g Валерий Николаевич
|
| 801 |
|
0 |
|a RU
|b RuMRKP
|c 19950704
|g psbo
|
| 801 |
|
1 |
|a RU
|b 63413507
|c 20060227
|g PSBO
|
| 801 |
|
2 |
|a RU
|b 63413507
|c 20060306
|g PSBO
|
| 942 |
|
|
|c BK
|